Quizzes
Events
Quiz Creation
Community
Videos
Private Events
Remove Ads
Sign In
Join for FREE
Feedback
Dark Mode
Quiz Categories
Sports
Geography
Music
Movies
Television
Just For Fun
Miscellaneous
History
Literature
Language
Science
Gaming
Entertainment
Religion
Holiday
For Kids
Quiz Lab
Recent
Popular Today
Quiz Kudos Today
Editor Picks
Curator Picks
Quizzes by...
Day
Popularity
Type
Ratings
Length
Year
Community
Subscriptions
Recent Discussions
Orange Saloon
Badges
Playlists
Quests
Create
Leaderboards
Showdown
Live 5
Trivia Bingo
Activity
Puzzle Library
Sporcle Events
Private Events
Virtual Trivia
Globe League
Become a Host
Pub Owners
SporcleCon
Opinionation
Our Games
Videos
Blog
Mobile Apps
Partnerships
Remove Ads and Go Orange
Feedback
Music
Pop Music
The Beatles
Song
Album
Lyrics
Bands
Singers
Artist
Clip
Rock
Rap
Classical
Billboard
Country Music
Kpop
Taylor Swift
Music
Pop Music
The Beatles
Song
Album
Lyrics
Bands
Singers
Artist
Clip
Rock
Rap
Classical
Billboard
Country Music
Kpop
Taylor Swift
Random Quiz
Search Sporcle
×
Quiz Lab
Quiz Lab
Music
Lyrics
Type in answers that appear in a list
Type in answers that appear in a list
Classic
Best Score? Go Orange.
Smells Like Teen Spirit lyrics Stats
Can you name the Smells Like Teen Spirit lyrics?
By
SporcleEXP
8m
39 Questions
1,167 Plays
1,167 Plays
1,167 Plays
Comments
Comments
Give Quiz Kudos
Give Quiz Kudos
-
- Ratings
hide this ad
Replay
Link that replays current quiz
Next Quiz
Link to next quiz in quiz playlist
You Got
0%
They Got
Avg Score
61%
Avg Friend Score
Upgrade to see
Score Distribution
Jump to the score distribution portion of the page
Score
0/39
Timer
08:00
0
Plays Today
First Part
Rest of Line
% Correct
Load up on guns,
bring your friends
83.6%
hello,
hello, hello
80.4%
helllo,
hello, hello
80.4%
hello,
hello, hello
80.4%
here we
are now, entertain us
76.8%
Here we
are now, entertain us
76.8%
Here we
are now, entertain us
76.8%
I feel
stupid and contagious
74.5%
I feel
stupid and contagious
74.5%
I feel
stupid and contagious
74.5%
here we are
now, entertain us
72.7%
Here we are
now, entertain us
72.7%
Here we are
now, entertain us
72.7%
A mulatto,
an albino
72%
A mulatto,
an albino
72%
A mulatto,
an albino
72%
She's overbored
and self-assured
70.9%
A mosquito,
my libido
67.8%
With the
lights out, it's less dangerous
67%
With the
lights out, it's less dangerous
67%
First Part
Rest of Line
% Correct
With the
lights out, it's less dangerous
67%
hello, hello,
hello, how low?
64.2%
hello, hello,
hello, how low?
64.2%
Hello, hello,
hello, how low?
64.2%
It's fun to
lose and to pretend
62.8%
oh no,
I know a dirty word
60.7%
A denial
A denial
56.8%
Oh well,
whatever, nevermind
48%
And always
will until the end
46.2%
Our little group
has always been
45.2%
I'm worse
at what I do best
40.9%
Hey,
yeah
40.7%
Hey,
yeah
40.7%
I found it
hard, it's hard to find
39.7%
And for this
gift I feel blessed
37.3%
Oh yeah,
I guess it makes me smile
35.5%
a mosquito,
my libido, yeah
31.2%
A mosquito,
my libido, yeah
31.2%
And I forget
just why I taste
29.6%
Quiz Playlist
Details
Report
Send in Message
Add To Playlist
Classic:
Type in answers that appear in a list
Quiz Source
Last Updated: Dec 24, 2018
Quiz Scoreboard
CHALLENGE
Sign Up to Join the Scoreboard
Show All
Scores
Hide
Comments
May contain spoilers
Recently Published
Decade Duel: World Leaders
by jenniferyan
History
4m
Alphabetical 'K' Countries by Flag Minefield
by ylime102
Geography
3m
Pick 6: Fruits
by JohnFran
Miscellaneous
15s
More to Explore
Quiz From the Vault
Featured Blog Post
15 Basketball Trivia Facts You Can Be March Mad About
hide this ad
You Might Also Like...
Tags
Lyrics Quiz
Numbers Quiz
rest
smell
spirit
teen
Teen Spirit
Today's Top Quizzes in Music
Browse Music
hide this ad
Today's Top Quizzes in Lyrics
Browse Lyrics
Top Contributed Quizzes in Music
1
Taylor Swift All Songs (2024)
2
KPOP LOGIC QUIZ
3
Taylor Swift Logic Puzzle
4
Decade Duel: Singer
5
Guess the Taylor Swift song (Mystery Song)
6
A Taylor Swift Logic Puzzle
7
Guess The Taylor Swift Lyrics Song #1
8
kpop group name match up
9
2 word kpop group match
10
K-Pop : 100 Debut Songs (Part 1 of 3)
Explore More
Trending Topics
Crossword
Marvel
Disney
Kpop
NBA
Harry Potter
Anime
Country
The Office
Puzzle
WWE
Song
Pokémon
Soccer
NFL
hide this ad
More By:
SporcleEXP
Quiz
Plays
Rating
Category
Featured
Created
Harry Potter Deaths in Order Minefield
3,060,453
4.18
Literature
Jan 27, 2016
Sins, Dwarfs, and Spice Girls
846,640
4.42
Just For Fun
Apr 11, 2012
Ancient History Bunker
706,589
4.28
History
Jan 20, 2014
Movie Posters VI
678,038
4.37
Movies
Nov 12, 2010
Movie Posters VII
620,930
4.44
Movies
Apr 16, 2011
Go to Creator's Profile
Score Distribution
Quiz Creator Spotlight
SporcleEXP
Follow
Send a Message
Quizzes Created
-
Created Quiz Play Count
-
More By This Creator
Popular Quizzes Today
1
Countries of Asia Without Outlines Minefield
2
Find the US States - No Outlines Minefield
3
Pick 6: Fruits
4
The Countries of the World
5
Alphabetical 'K' Countries by Flag Minefield
6
Find the Countries of Europe - No Outlines Minefield
7
US States
8
Find the US States
More Music Quizzes
'B' Taylor Swift Songs
Quiz Lab
Trending Quizzes
Pick 6: Mountains
Pick 6: Harry Potter
Pick 6: Flags
Pick 6: NFL Teams
Pick 6: Movie Franchises
Recently Updated
Adaptations: Name the Title
pecheneg
NWSL Teams
pecheneg
Women's Final Four Teams by Year
bhenderson79
Presidents Quartet II
eogle
Anything But Clue(do)
eogle
Anything But Oceanian Capitals
eogle
Anything But 7
eogle
Anything But Thing
eogle
Word Ladder: February 29
pecheneg
Song Title Questions
pecheneg
Trending Topics
Anime
NBA
Marvel
Crossword
Disney
Harry Potter
Kpop
Puzzle
Soccer
Country
NFL
The Office
Song
Pokémon
WWE
Your Account Isn't Verified!
In order to create a playlist on Sporcle, you need to verify the email address you used during registration. Go to your
Sporcle Settings
to finish the process.
Report this User
Report this user for behavior that violates our
Community Guidelines
.
Details:
Send Report
Go to the Sporcle.com Mobile Site →
Comments